Development of thrust industries: The case of rubber based industrialization (Record no. 57073)

MARC details
000 -LEADER
fixed length control field 00435nam a2200145Ia 4500
100 ## - MAIN ENTRY--AUTHOR NAME
Personal name Samarappuli Nihal
245 #0 - TITLE STATEMENT
Title Development of thrust industries: The case of rubber based industrialization
260 ## - PUBLICATION, DISTRIBUTION, ETC. (IMPRINT)
Name of publisher Plastics and Rubber Sri Lanka
Year of publication 1998
300 ## - PHYSICAL DESCRIPTION
Number of Pages 8-May
650 ## - SUBJECT ADDED ENTRY--TOPICAL TERM
Topical Term Rubber based industries
650 ## - SUBJECT ADDED ENTRY--TOPICAL TERM
Topical Term Thrust industry
700 ## - ADDED ENTRY--PERSONAL NAME
Personal name Tillekeratne L M K
942 ## - ADDED ENTRY ELEMENTS (KOHA)
Koha item type Journals
Holdings
Withdrawn status Lost status Damaged status Not for loan Home library Current library Shelving location Date acquired Serial Enumeration / chronology Koha item type
      Journals RRII Library RRII Library Agricultural economics 17/12/2021 Volume 6, Issue Journals